000 01063nam a2200325 4500
001 1169387
005 20150803155611.0
007 000
008 000
010 _a 96137935
020 _a0815138466
035 _a(OCoLC)34535634
040 _aUOEL
_cInIVT
_dDLC
042 _alccopycat
050 0 4 _aQH308.2
_b.A57 1996
082 0 0 _a574
_220
100 1 _aAlters, Sandra.
245 1 0 _aBiology :
_bunderstanding life /
_cSandra Alters.
250 _a2nd ed.
260 _aSt. Louis :
_bMosby,
_cc1996.
300 _axxxiv, 845 p. :
_bill. (some col.), col. maps ;
_c28 cm.
500 _aPrevious ed. has title: Biology today.
504 _aIncludes bibliographical references and index.
650 0 _aBiology.
_xNatural history (General). Biology (General)
650 0 _aHuman biology.
_xNatural history (General). Biology (General)
700 1 _aAlters, Sandra.
_tBiology today.
906 _a7
_bcbc
_ccopycat
_d2
_encip
_f19
_gy-gencatlg
942 _2lcc
_cSL2
999 _c11951
_d11951